000 00993nam a2200313Ia 4500
001 Para_7253
003 CHAP
008 220125s1988 xx 000 0 und d
010 _a206139
040 _cCHAP
082 _aPA 636.0896968 D7
100 _aDrummod, Roger O.
_934268
245 _aControl of arthropod pest of livestok :
_b a review of technology /
_c by Roger O. Drummod, John E. George and Sidney E. Kunz
260 _aBoca Raton, Fla. :
_bCRC
300 _a245 p.
650 _aAnimales domésticos
_x plagas
_95912
650 _aControl biológico de insectos
_927582
650 _aEntomología económica
_937145
650 _aGanado
_x parásitos
_944939
650 _aParasitología veterinaria
_985475
700 _aGeorge, John E. / Kunz, Sidney E.
_9172337
901 _aPA 636.0896968 D7
902 _aA
905 _a0000001988 0000000000 00
910 _a1988
942 _cPARA
942 _cPARA
_d1
999 _c206139
_d206139